000 00658cab a2200229 4500
001 ABS53014
008 090401t1995 xxu||||| |||| 00| 0 eng d
035 _a(Sirsi) u1340
041 _aeng
100 _aPlender, J.
245 _aPlaying politics: right versus left
260 _c1995
350 _a0
490 _aEstates Gazette
_v(9523) 10 June 1995, 50(1)
520 _aDebates whether a Labour government would have a significant effect on the property market.
650 _aPROPERTY-COMMERCIAL PROPERTY
650 _aLABOUR PARTY
650 _aPROPERTY MARKET
690 _aPROPERTY-COMMERCIAL PROPERTY
942 _n0
948 _c04/03/1997
999 _c735
_d735